[Event "CAN-ch"]
[Site "Guelph CAN"]
[Date "2015.07.16"]
[Round "9.3"]
[White "Preotu, Razvan"]
[Black "Sambuev, Bator"]
[Result "1/2-1/2"]
[WhiteElo "2636"]
[BlackElo "2642"]
[WhiteFideId "-1"]
[WhiteFideId "-1"]
[PlyCount "86"]
[GameId "2160767908879256"]
[EventDate "2015.07.10"]
[EventType "swiss"]
[EventRounds "9"]
[EventCountry "CAN"]

1. e4 e5 2. Nf3 d6 3. Bc4 Be7 4. d4 exd4 5. Nxd4 Nf6 6. Nc3 O-O 7. O-O c6 8. a4 Nxe4 9. Nxe4 d5 10. Bd3 dxe4 11. Bxe4 Bf6 12. Nf5 Bxf5 13. Bxf5 g6 14. Bg4 Bg7 15. a5 h5 16. Qxd8 Rxd8 17. Bf3 Na6 18. Bg5 f6 19. Be3 Nb4 20. a6 bxa6 21. c3 Nc2 22. Rxa6 Nxe3 23. fxe3 Rab8 24. Rf2 Bh6 25. Re2 Rd3 26. Kf2 Re8 27. e4 Bf4 28. Rxc6 Kg7 29. g3 Be5 30. Rc5 Rd7 31. Rd5 Rb7 32. Red2 Ree7 33. Be2 Kh6 34. Bb5 h4 35. Bd7 hxg3+ 36. hxg3 Kg5 37. c4 Rh7 38. Kg2 Rb4 39. c5 Rxe4 40. c6 Rc4 41. Ra5 Rc1 42. Rxa7 Rxc6 43. Bxc6 Rxa7 1/2-1/2

[Event "CYCC U16"]
[Site "Windsor CAN"]
[Date "2015.07.06"]
[Round "1.10"]
[White "Nyayachavadi, Anish Anand"]
[Black "Preotu, Razvan"]
[Result "0-1"]
[WhiteElo "1560"]
[BlackElo "2636"]
[WhiteFideId "-1"]
[WhiteFideId "-1"]
[PlyCount "90"]
[GameId "2160767908904719"]
[EventDate "2015.07.06"]
[EventType "swiss"]
[EventRounds "7"]
[EventCountry "CAN"]
[SourceTitle "EXT 2022"]
[Source "ChessBase"]
[SourceDate "2021.10.06"]
[SourceVersion "1"]
[SourceVersionDate "2021.10.06"]
[SourceQuality "1"]

1. d4 Nf6 2. c4 e6 3. Nc3 Bb4 4. f3 d5 5. a3 Bxc3+ 6. bxc3 c5 7. cxd5 Nxd5 8. dxc5 f5 9. Qc2 O-O 10. e4 fxe4 11. fxe4 Nf4 12. Bxf4 Rxf4 13. Nf3 Qa5 14. Qd3 Qxc5 15. Qd8+ Rf8 16. Qd4 Qc7 17. Be2 Nc6 18. Qe3 Qf4 19. Qxf4 Rxf4 20. Bd3 Bd7 21. O-O Rc8 22. e5 h6 23. Rad1 Be8 24. Bb5 a6 25. Bxc6 Bxc6 26. Nd4 Rxf1+ 27. Rxf1 Bd5 28. Rc1 Rc5 29. c4 Rxc4 30. Rxc4 Bxc4 31. Kf2 Kf7 32. Ke3 Bd5 33. g3 Kg6 34. Kf4 Kh5 35. h3 g5+ 36. Ke3 Kg6 37. a4 b6 38. Kf2 Kf7 39. Ke2 Bg2 40. h4 Bd5 41. Kf2 Kg6 42. Kg1 gxh4 43. gxh4 Kh5 44. Kh2 Kxh4 45. Ne2 Kg4 0-1

[Event "CYCC U16"]
[Site "Windsor CAN"]
[Date "2015.07.07"]
[Round "2.5"]
[White "Preotu, Razvan"]
[Black "Li, Yinshi"]
[Result "1-0"]
[WhiteElo "2636"]
[BlackElo "2211"]
[WhiteFideId "-1"]
[WhiteFideId "-1"]
[PlyCount "77"]
[GameId "2160767908904732"]
[EventDate "2015.07.06"]
[EventType "swiss"]
[EventRounds "7"]
[EventCountry "CAN"]
[SourceTitle "EXT 2022"]
[Source "ChessBase"]
[SourceDate "2021.10.06"]
[SourceVersion "1"]
[SourceVersionDate "2021.10.06"]
[SourceQuality "1"]

1. e4 d5 2. exd5 Qxd5 3. Nf3 Nf6 4. d4 Bg4 5. Be2 c6 6. h3 Bh5 7. c4 Qd8 8. Nc3 e6 9. g4 Bg6 10. Ne5 Bd6 11. h4 c5 12. Bf4 O-O 13. h5 Be4 14. f3 Bc6 15. g5 Bxe5 16. dxe5 Qxd1+ 17. Rxd1 Nfd7 18. Rd6 Na6 19. Kf2 Rfd8 20. Rhd1 Nc7 21. g6 h6 22. Bg3 Ne8 23. gxf7+ Kxf7 24. R6d2 Kg8 25. Bh4 Rdc8 26. Rxd7 Bxd7 27. Rxd7 Rc7 28. Rd1 Rc6 29. f4 Rac8 30. Bf3 Rb6 31. b3 a5 32. Nb5 Rb8 33. a4 Kf8 34. Rd7 Ra6 35. Bxb7 Rb6 36. Be4 Rc8 37. f5 exf5 38. Bd5 Rbb8 39. Be7# 1-0

[Event "CYCC U16"]
[Site "Windsor CAN"]
[Date "2015.07.07"]
[Round "3.5"]
[White "Shi, Diwen"]
[Black "Preotu, Razvan"]
[Result "1/2-1/2"]
[WhiteElo "2214"]
[BlackElo "2636"]
[WhiteFideId "-1"]
[WhiteFideId "-1"]
[PlyCount "64"]
[GameId "2160767908904745"]
[EventDate "2015.07.06"]
[EventType "swiss"]
[EventRounds "7"]
[EventCountry "CAN"]
[SourceTitle "EXT 2022"]
[Source "ChessBase"]
[SourceDate "2021.10.06"]
[SourceVersion "1"]
[SourceVersionDate "2021.10.06"]
[SourceQuality "1"]

1. e4 e5 2. Nf3 Nc6 3. d4 exd4 4. Nxd4 Bb4+ 5. c3 Bc5 6. Be3 Bb6 7. Be2 d6 8. O-O Nf6 9. Nd2 Qe7 10. Nxc6 bxc6 11. Bg5 Bd7 12. Bd3 h6 13. Bxf6 Qxf6 14. Kh1 g5 15. Nc4 Be6 16. Qe2 O-O 17. e5 dxe5 18. Qe4 Rfe8 19. Nxe5 Bf5 20. Ng4 Bxg4 21. Qxg4 Rad8 22. Rad1 Qf4 23. Qxf4 gxf4 24. Kg1 Rd6 25. Bc4 Red8 26. Rde1 Kg7 27. Re4 Rf6 28. a4 Rd2 29. Re2 Rfd6 30. Re7 Rf6 31. Re2 Rfd6 32. Re7 Rf6 1/2-1/2

[Event "CYCC U16"]
[Site "Windsor CAN"]
[Date "2015.07.08"]
[Round "4.6"]
[White "Preotu, Razvan"]
[Black "Graif, William"]
[Result "1-0"]
[WhiteElo "2636"]
[BlackElo "2247"]
[WhiteFideId "-1"]
[WhiteFideId "-1"]
[PlyCount "85"]
[GameId "2160767908912951"]
[EventDate "2015.07.06"]
[EventType "swiss"]
[EventRounds "7"]
[EventCountry "CAN"]
[SourceTitle "EXT 2022"]
[Source "ChessBase"]
[SourceDate "2021.10.06"]
[SourceVersion "1"]
[SourceVersionDate "2021.10.06"]
[SourceQuality "1"]

1. e4 c5 2. Nf3 d6 3. d4 cxd4 4. Nxd4 Nf6 5. Nc3 g6 6. Be3 Bg7 7. f3 O-O 8. Qd2 Nc6 9. g4 Nxd4 10. Bxd4 Be6 11. h4 Qa5 12. h5 Rfc8 13. a3 b5 14. h6 Bh8 15. b4 Qc7 16. g5 Ne8 17. Bxh8 Kxh8 18. Nxb5 Qxc2 19. Nd4 Qxd2+ 20. Kxd2 Bd7 21. Ba6 Rcb8 22. Rhc1 Rb6 23. Bc4 e5 24. Bd5 Rd8 25. Nc6 Bxc6 26. Rxc6 Rxc6 27. Bxc6 Nc7 28. Ke3 Kg8 29. Rc1 Kf8 30. Bd5 Nxd5+ 31. exd5 Ke7 32. Rc7+ Rd7 33. Rxd7+ Kxd7 34. a4 Kc7 35. Kd3 Kb7 36. a5 Kc7 37. Kc4 Kc8 38. Kb5 Kb7 39. a6+ Kc7 40. Ka5 Kd7 41. b5 Kc7 42. b6+ axb6+ 43. Kb5 1-0

[Event "CYCC U16"]
[Site "Windsor CAN"]
[Date "2015.07.08"]
[Round "5.5"]
[White "Doknjas, John"]
[Black "Preotu, Razvan"]
[Result "0-1"]
[WhiteElo "2316"]
[BlackElo "2636"]
[WhiteFideId "-1"]
[WhiteFideId "-1"]
[PlyCount "108"]
[GameId "2160767908912963"]
[EventDate "2015.07.06"]
[EventType "swiss"]
[EventRounds "7"]
[EventCountry "CAN"]
[SourceTitle "EXT 2022"]
[Source "ChessBase"]
[SourceDate "2021.10.06"]
[SourceVersion "1"]
[SourceVersionDate "2021.10.06"]
[SourceQuality "1"]

1. d4 Nf6 2. c4 c5 3. d5 e6 4. Nc3 exd5 5. cxd5 d6 6. e4 g6 7. h3 Bg7 8. Nf3 O-O 9. Bd3 b5 10. Bxb5 Nxe4 11. Nxe4 Qa5+ 12. Nfd2 Qxb5 13. Nxd6 Qa6 14. N2c4 Nd7 15. O-O Ne5 16. Nxe5 Bxe5 17. Nxc8 Raxc8 18. Re1 Qd6 19. Rb1 Rfd8 20. b3 Qxd5 21. Qxd5 Rxd5 22. Bb2 Bd4 23. Rec1 Re8 24. Rc2 Re6 25. Rbc1 Ra6 26. a4 Rf6 27. Ba3 Rff5 28. g3 Rf3 29. Kg2 Rdf5 30. Bxc5 Bxc5 31. Rxc5 Rxf2+ 32. Kg1 R5f3 33. R5c3 Rf1+ 34. Rxf1 Rxc3 35. Kg2 Rxb3 36. Rf6 Rb6 37. Rf4 Rb2+ 38. Kf3 Rb3+ 39. Kf2 Ra3 40. h4 f5 41. Rc4 a5 42. Kg2 Kg7 43. Rc7+ Kh6 44. Rc4 Kh5 45. Rd4 h6 46. Rc4 g5 47. hxg5 hxg5 48. Kf2 Rb3 49. g4+ fxg4 50. Rc5 g3+ 51. Kg1 Kg4 52. Rxa5 Kh3 53. Rf5 Rb1+ 54. Rf1 Rxf1+ 0-1

[Event "CYCC U16"]
[Site "Windsor CAN"]
[Date "2015.07.09"]
[Round "6.5"]
[White "Preotu, Razvan"]
[Black "Yu, Zong Yang"]
[Result "1-0"]
[WhiteElo "2636"]
[BlackElo "2350"]
[WhiteFideId "-1"]
[WhiteFideId "-1"]
[PlyCount "53"]
[GameId "2160767908912976"]
[EventDate "2015.07.06"]
[EventType "swiss"]
[EventRounds "7"]
[EventCountry "CAN"]
[SourceTitle "EXT 2022"]
[Source "ChessBase"]
[SourceDate "2021.10.06"]
[SourceVersion "1"]
[SourceVersionDate "2021.10.06"]
[SourceQuality "1"]

1. e4 c5 2. Nf3 g6 3. d4 cxd4 4. Nxd4 Bg7 5. c4 Nc6 6. Be3 d6 7. Nc3 Nh6 8. Be2 O-O 9. Qd2 Ng4 10. Bxg4 Bxg4 11. O-O Qa5 12. f4 Be6 13. b3 Nxd4 14. Bxd4 Bxd4+ 15. Qxd4 f6 16. Rf2 Bf7 17. Nd5 Rfe8 18. b4 Qd8 19. f5 g5 20. Rc1 Kg7 21. Rc3 a5 22. b5 Rc8 23. Rg3 h6 24. h4 Kh7 25. hxg5 hxg5 26. Rxg5 Rxc4 27. Rf3 1-0

[Event "CYCC U16"]
[Site "Windsor CAN"]
[Date "2015.07.09"]
[Round "7.5"]
[White "Zhu, Hong Rui"]
[Black "Preotu, Razvan"]
[Result "0-1"]
[WhiteElo "2318"]
[BlackElo "2636"]
[WhiteFideId "-1"]
[WhiteFideId "-1"]
[PlyCount "80"]
[GameId "2160767908912989"]
[EventDate "2015.07.06"]
[EventType "swiss"]
[EventRounds "7"]
[EventCountry "CAN"]
[SourceTitle "EXT 2022"]
[Source "ChessBase"]
[SourceDate "2021.10.06"]
[SourceVersion "1"]
[SourceVersionDate "2021.10.06"]
[SourceQuality "1"]

1. e4 c5 2. Nf3 d6 3. d4 cxd4 4. Nxd4 Nf6 5. Nc3 a6 6. h3 e6 7. g4 d5 8. Bg2 Nxe4 9. Nxe4 dxe4 10. Bxe4 e5 11. Nf5 Qxd1+ 12. Kxd1 h5 13. c3 Nd7 14. g5 Nc5 15. Bc2 Bd7 16. Be3 O-O-O 17. Kc1 g6 18. Ng3 Bc6 19. Rd1 Rxd1+ 20. Bxd1 h4 21. Bg4+ Kc7 22. Nf1 Be7 23. Nd2 Rd8 24. Nf3 Nd3+ 25. Kc2 Be4 26. Kb3 Bc5 27. Bxc5 Nxc5+ 28. Ka3 Bxf3 29. Bxf3 Ne6 30. Rg1 Rd2 31. Rg2 Nf4 32. Rh2 Nd3 33. Bd5 Rxf2 34. Rxf2 Nxf2 35. Bxf7 Nxh3 36. Bxg6 Nxg5 37. Bd3 e4 38. Bf1 e3 39. Kb3 h3 40. Kc2 e2 0-1

[Event "WTch-U16"]
[Site "Gyor HUN"]
[Date "2014.12.13"]
[Round "1.6"]
[White "Preotu, Razvan"]
[Black "Karas, Marek"]
[Result "1-0"]
[WhiteElo "2441"]
[BlackElo "2170"]
[WhiteFideId "-1"]
[WhiteFideId "-1"]
[PlyCount "49"]
[GameId "2130307663296752"]
[EventDate "2014.12.13"]
[EventType "team"]
[EventRounds "10"]
[EventCountry "HUN"]
[SourceTitle "The Week in Chess 1049"]
[Source "Mark Crowther"]
[SourceDate "2014.12.15"]
[SourceVersion "1"]
[SourceVersionDate "2014.12.15"]
[SourceQuality "2"]
[WhiteTeam "Canada 1"]
[BlackTeam "Slovakia West"]

1. e4 e6 2. d4 d5 3. Nd2 c5 4. Ngf3 cxd4 5. exd5 Qxd5 6. Bc4 Qd6 7. O-O Nf6 8. Nb3 Nc6 9. Nbxd4 Nxd4 10. Nxd4 a6 11. Re1 Qc7 12. Qe2 Bd6 13. Bg5 O-O 14. Bxf6 gxf6 15. Bd3 f5 16. Qh5 Qd8 17. g4 Qf6 18. gxf5 exf5 19. Nxf5 Bxf5 20. Qxf5 Qg6+ 21. Kh1 Qxf5 22. Bxf5 Rad8 23. Re4 Bc5 24. Rg1+ Kh8 25. Rh4 1-0

[Event "WTch-U16"]
[Site "Gyor HUN"]
[Date "2014.12.14"]
[Round "3.6"]
[White "Preotu, Razvan"]
[Black "Dankhazi, Andras"]
[Result "1/2-1/2"]
[WhiteElo "2441"]
[BlackElo "2237"]
[WhiteFideId "-1"]
[WhiteFideId "-1"]
[PlyCount "68"]
[GameId "2130307663309232"]
[EventDate "2014.12.13"]
[EventType "team"]
[EventRounds "10"]
[EventCountry "HUN"]
[SourceTitle "The Week in Chess 1049"]
[Source "Mark Crowther"]
[SourceDate "2014.12.15"]
[SourceVersion "1"]
[SourceVersionDate "2014.12.15"]
[SourceQuality "2"]
[WhiteTeam "Canada 1"]
[BlackTeam "Hungary 3"]

1. e4 e5 2. Nf3 Nc6 3. d4 exd4 4. Nxd4 Nf6 5. Nxc6 bxc6 6. e5 Qe7 7. Qe2 Nd5 8. c4 Nb6 9. Nd2 Qe6 10. b3 Bb4 11. Bb2 O-O 12. g3 d5 13. exd6 Bxd2+ 14. Kxd2 cxd6 15. Bg2 d5 16. c5 Qxe2+ 17. Kxe2 Nd7 18. Kd2 Re8 19. Rhe1 Bb7 20. Bd4 f6 21. f4 Kf7 22. a4 Nf8 23. b4 Ne6 24. Bf2 Nc7 25. Rab1 Rxe1 26. Bxe1 a6 27. Bf1 Bc8 28. Bf2 Bf5 29. Ra1 Rb8 30. Kc3 d4+ 31. Bxd4 Nd5+ 32. Kd2 Rxb4 33. Bc3 Nxc3 34. Kxc3 a5 1/2-1/2

[Event "WTch-U16"]
[Site "Gyor HUN"]
[Date "2014.12.15"]
[Round "4.4"]
[White "Nigmatov, Ortik"]
[Black "Preotu, Razvan"]
[Result "0-1"]
[WhiteElo "2236"]
[BlackElo "2441"]
[WhiteFideId "-1"]
[WhiteFideId "-1"]
[PlyCount "64"]
[GameId "2130307663309319"]
[EventDate "2014.12.13"]
[EventType "team"]
[EventRounds "10"]
[EventCountry "HUN"]
[SourceTitle "The Week in Chess 1049"]
[Source "Mark Crowther"]
[SourceDate "2014.12.15"]
[SourceVersion "1"]
[SourceVersionDate "2014.12.15"]
[SourceQuality "2"]
[WhiteTeam "Uzbekistan"]
[BlackTeam "Canada 1"]
[WhiteTeamCountry "UZB"]

1. e4 c5 2. Nf3 d6 3. d4 cxd4 4. Nxd4 Nf6 5. Nc3 a6 6. Bg5 Nbd7 7. Qe2 b5 8. a3 Bb7 9. O-O-O Rc8 10. Bd2 Qc7 11. Be1 e5 12. Nb3 Nc5 13. Nxc5 dxc5 14. f3 b4 15. Nb1 a5 16. c4 a4 17. g4 Be7 18. Bf2 Nd7 19. h4 Nf8 20. Qc2 Ra8 21. g5 Ne6 22. Rg1 O-O 23. Rd5 Nd4 24. Bxd4 exd4 25. Bd3 Bxd5 26. exd5 g6 27. Rg4 Bd6 28. Be4 Rab8 29. Qxa4 d3 30. Bxd3 Be5 31. Rg2 Bd4 32. Qd1 Qf4+ 0-1

[Event "WTch-U16"]
[Site "Gyor HUN"]
[Date "2014.12.18"]
[Round "6.3"]
[White "Morozov, Nichita"]
[Black "Preotu, Razvan"]
[Result "1/2-1/2"]
[WhiteElo "2307"]
[BlackElo "2441"]
[WhiteFideId "-1"]
[WhiteFideId "-1"]
[PlyCount "174"]
[GameId "2130307663321797"]
[EventDate "2014.12.13"]
[EventType "team"]
[EventRounds "10"]
[EventCountry "HUN"]
[SourceTitle "The Week in Chess 1050"]
[Source "Mark Crowther"]
[SourceDate "2014.12.22"]
[SourceVersion "1"]
[SourceVersionDate "2014.12.22"]
[SourceQuality "2"]
[WhiteTeam "Moldova"]
[BlackTeam "Canada 1"]
[WhiteTeamCountry "MDA"]

1. d4 f5 2. e4 fxe4 3. Nc3 Nf6 4. Bg5 c6 5. f3 e3 6. Qd3 e6 7. Qxe3 Be7 8. Nh3 Na6 9. O-O-O Nb4 10. Qd2 O-O 11. a3 Nbd5 12. Nxd5 cxd5 13. Bd3 b5 14. Qf4 Ne4 15. Bxe7 Qxe7 16. Qc7 Nd6 17. Rhe1 a6 18. Kb1 Bb7 19. Ng5 Qxg5 20. Qxd6 Bc6 21. Re2 a5 22. b3 Qf4 23. Qxf4 Rxf4 24. b4 Kf7 25. c3 d6 26. Re3 g5 27. h3 h6 28. Rde1 Rf6 29. Kb2 a4 30. Kc2 Bd7 31. Kd2 h5 32. Bb1 h4 33. Ba2 Bc6 34. Bb1 Re8 35. Bd3 Kg7 36. Bb1 Bd7 37. Ba2 Rff8 38. R1e2 Kf6 39. Rf2 Kf5 40. Rfe2 Kf4 41. Ke1 Rc8 42. Kd2 Rfe8 43. Re1 Kf5 44. R1e2 Kf6 45. Rf2 Kf5 46. Rfe2 Bc6 47. Re1 Re7 48. Rg1 Kf6 49. Bb1 Bd7 50. Ba2 Be8 51. Rf1 Bh5 52. f4 g4 53. Bb1 Rg8 54. Rf2 Reg7 55. Bd3 gxh3 56. gxh3 Be8 57. Be2 Rg1 58. Bg4 R8xg4 59. hxg4 Rxg4 60. Rh3 Bg6 61. Rfh2 Rxf4 62. Rxh4 Rf1 63. Rh8 Ra1 64. Rf2+ Bf5 65. Rf8+ Ke7 66. R8xf5 exf5 67. Rxf5 Ke6 68. Rf8 Rxa3 69. Rb8 Ra2+ 70. Kc1 Kf5 71. Kb1 Rh2 72. Rxb5 Ke4 73. Ra5 Kd3 74. Rxa4 Kxc3 75. Ra6 Rh1+ 76. Ka2 Rh6 77. b5 Kxd4 78. b6 Rh8 79. Kb3 Kc5 80. Kc3 Rb8 81. Ra5+ Kc6 82. Kd4 Rxb6 83. Ra4 Rb5 84. Ra6+ Kd7 85. Ra2 Rc5 86. Ra1 Ke6 87. Re1+ Kd7 1/2-1/2

[Event "WTch-U16"]
[Site "Gyor HUN"]
[Date "2014.12.18"]
[Round "7.2"]
[White "Preotu, Razvan"]
[Black "Ghosh, Diptayan"]
[Result "1/2-1/2"]
[WhiteElo "2441"]
[BlackElo "2516"]
[WhiteFideId "-1"]
[WhiteFideId "-1"]
[PlyCount "72"]
[GameId "2130307663321886"]
[EventDate "2014.12.13"]
[EventType "team"]
[EventRounds "10"]
[EventCountry "HUN"]
[SourceTitle "The Week in Chess 1050"]
[Source "Mark Crowther"]
[SourceDate "2014.12.22"]
[SourceVersion "1"]
[SourceVersionDate "2014.12.22"]
[SourceQuality "2"]
[WhiteTeam "Canada 1"]
[BlackTeam "India"]
[BlackTeamCountry "IND"]

1. e4 e5 2. Nf3 Nc6 3. Bb5 a6 4. Ba4 Nf6 5. O-O Be7 6. Re1 b5 7. Bb3 d6 8. c3 O-O 9. h3 Nb8 10. d4 Nbd7 11. Nbd2 Bb7 12. Bc2 Re8 13. Nf1 Bf8 14. Ng3 g6 15. a4 c5 16. d5 c4 17. Bg5 h6 18. Be3 Qc7 19. Qd2 h5 20. Ra3 Nc5 21. Rea1 Be7 22. Bg5 Nh7 23. Bxe7 Qxe7 24. Qe3 Nf6 25. Nf1 Nfd7 26. N1d2 Kg7 27. axb5 axb5 28. Rxa8 Rxa8 29. Rxa8 Bxa8 30. b4 cxb3 31. Nxb3 Nxb3 32. Bxb3 Nc5 33. Bd1 Bb7 34. Be2 Ba6 35. Ne1 Qc7 36. Nd3 Nxd3 1/2-1/2

[Event "WTch-U16"]
[Site "Gyor HUN"]
[Date "2014.12.19"]
[Round "8.5"]
[White "Gledura, Benjamin"]
[Black "Preotu, Razvan"]
[Result "1-0"]
[WhiteElo "2450"]
[BlackElo "2441"]
[WhiteFideId "-1"]
[WhiteFideId "-1"]
[PlyCount "119"]
[GameId "2130307663330184"]
[EventDate "2014.12.13"]
[EventType "team"]
[EventRounds "10"]
[EventCountry "HUN"]
[SourceTitle "The Week in Chess 1050"]
[Source "Mark Crowther"]
[SourceDate "2014.12.22"]
[SourceVersion "1"]
[SourceVersionDate "2014.12.22"]
[SourceQuality "2"]
[WhiteTeam "Hungary 1"]
[BlackTeam "Canada 1"]

1. Nf3 Nf6 2. g3 g6 3. b3 Bg7 4. Bb2 c5 5. c4 d6 6. Bg2 O-O 7. O-O Nc6 8. d4 cxd4 9. Nxd4 Bd7 10. Nc3 Qb6 11. Nc2 Qa5 12. Nd5 Nxd5 13. Bxg7 Nc3 14. Bxc3 Qxc3 15. Ne3 Rac8 16. Nd5 Qg7 17. Qd2 Rfe8 18. Rfd1 b6 19. Rac1 Ne5 20. h4 Bc6 21. h5 gxh5 22. Rc3 Ng4 23. Rd3 Nf6 24. Nf4 Bd7 25. e4 Rc5 26. Nd5 Nxd5 27. exd5 b5 28. cxb5 Bxb5 29. Re3 Bd7 30. Rde1 Qf6 31. Re4 Bf5 32. Rf4 e5 33. dxe6 Rxe6 34. Rxe6 Qxe6 35. Kh2 Bg6 36. a4 Re5 37. Qd4 Qe7 38. b4 Re1 39. Rf6 Qe5 40. Rxd6 Qxd4 41. Rxd4 Re2 42. Rf4 Kf8 43. Bc6 Ke7 44. Kg2 Kd6 45. Bf3 Rb2 46. Rc4 Ra2 47. Rc6+ Ke5 48. Ra6 f5 49. Rxa7 f4 50. Ra5+ Kf6 51. gxf4 h4 52. b5 Ra3 53. Bg4 h5 54. Ra6+ Kg7 55. f5 Bf7 56. f6+ Kg6 57. Bh3 Bd5+ 58. Kh2 Ra2 59. Rd6 Rxf2+ 60. Kg1 1-0

[Event "WTch-U16"]
[Site "Gyor HUN"]
[Date "2014.12.20"]
[Round "9.8"]
[White "Preotu, Razvan"]
[Black "Radovic, Luka"]
[Result "1-0"]
[WhiteElo "2441"]
[BlackElo "2352"]
[WhiteFideId "-1"]
[WhiteFideId "-1"]
[PlyCount "59"]
[GameId "2130307663334385"]
[EventDate "2014.12.13"]
[EventType "team"]
[EventRounds "10"]
[EventCountry "HUN"]
[SourceTitle "The Week in Chess 1050"]
[Source "Mark Crowther"]
[SourceDate "2014.12.22"]
[SourceVersion "1"]
[SourceVersionDate "2014.12.22"]
[SourceQuality "2"]
[WhiteTeam "Canada 1"]
[BlackTeam "Serbia"]
[BlackTeamCountry "SRB"]

1. e4 c5 2. Nf3 d6 3. d4 cxd4 4. Nxd4 Nf6 5. Nc3 a6 6. Be3 e5 7. Nb3 Be6 8. f3 Nbd7 9. Qd2 b5 10. O-O-O Rc8 11. g4 Nb6 12. g5 Nfd7 13. Na5 Qc7 14. Kb1 b4 15. Nd5 Nxd5 16. exd5 Qxa5 17. dxe6 fxe6 18. Bh3 Nc5 19. Bxc5 Rxc5 20. Bxe6 Be7 21. Qd3 Kd8 22. Rhf1 Kc7 23. f4 Kb8 24. h4 Qb6 25. f5 Rd8 26. f6 gxf6 27. Qxh7 Rc7 28. g6 Bf8 29. Qh8 Be7 30. g7 1-0

[Event "WTch-U16"]
[Site "Gyor HUN"]
[Date "2014.12.21"]
[Round "10.4"]
[White "Deac, Bogdan Daniel"]
[Black "Preotu, Razvan"]
[Result "1/2-1/2"]
[WhiteElo "2391"]
[BlackElo "2441"]
[WhiteFideId "-1"]
[WhiteFideId "-1"]
[PlyCount "92"]
[GameId "2130307663338563"]
[EventDate "2014.12.13"]
[EventType "team"]
[EventRounds "10"]
[EventCountry "HUN"]
[SourceTitle "The Week in Chess 1050"]
[Source "Mark Crowther"]
[SourceDate "2014.12.22"]
[SourceVersion "1"]
[SourceVersionDate "2014.12.22"]
[SourceQuality "2"]
[WhiteTeam "Romania"]
[BlackTeam "Canada 1"]
[WhiteTeamCountry "ROU"]

1. Nf3 Nf6 2. g3 g6 3. b3 Bg7 4. Bb2 O-O 5. Bg2 c5 6. c4 d6 7. d4 Qa5+ 8. Bc3 Qc7 9. dxc5 Qxc5 10. O-O Nc6 11. Ne1 Qh5 12. Nd3 e5 13. e4 Qxd1 14. Rxd1 Bg4 15. f3 Be6 16. Na3 Rac8 17. Nb4 Rfd8 18. Nxc6 bxc6 19. c5 d5 20. Bxe5 dxe4 21. fxe4 Nd7 22. Bxg7 Kxg7 23. Nc2 Nxc5 24. Rxd8 Rxd8 25. Nb4 Rd2 26. Nxc6 Nd3 27. Nxa7 Nb4 28. Nb5 Nxa2 29. Nd4 Rxd4 30. Rxa2 Bxb3 31. Rb2 Rd3 32. e5 Kf8 33. Kf2 Ke7 34. Re2 Rc3 35. Re3 Rc2+ 36. Re2 Rxe2+ 37. Kxe2 Ke6 38. Kf2 Kxe5 39. Bc6 Bd5 40. Bb5 g5 41. Bd3 f5 42. Be2 Bf7 43. Bf3 h5 44. Bd1 f4 45. h4 g4 46. Bc2 f3 1/2-1/2

[Event "World ol U16"]
[Site "Gyor"]
[Date "2014.12.16"]
[Round "5.1"]
[White "Preotu, Razvan"]
[Black "Bjerre, Jonas"]
[Result "1-0"]
[WhiteElo "2441"]
[BlackElo "2073"]
[WhiteFideId "-1"]
[WhiteFideId "-1"]
[PlyCount "109"]
[GameId "1166658986057728"]
[EventDate "2014.12.13"]
[EventType "team-swiss"]
[EventRounds "10"]
[EventCountry "HUN"]
[SourceTitle "EXT 2016"]
[Source "ChessBase"]
[SourceDate "2015.10.08"]
[SourceVersion "1"]
[SourceVersionDate "2015.10.08"]
[SourceQuality "1"]
[WhiteTeam "Canada"]
[BlackTeam "Denmark"]
[WhiteTeamCountry "CAN"]
[BlackTeamCountry "DEN"]

1. e4 c5 2. Nf3 e6 3. d4 cxd4 4. Nxd4 Nc6 5. Nc3 Qc7 6. Be3 a6 7. Qd2 Nf6 8. O-O-O Be7 9. f3 O-O 10. g4 b5 11. g5 Nh5 12. Nce2 Rd8 13. Ng3 Nxd4 14. Qxd4 Nf4 15. Qb6 Qxb6 16. Bxb6 Rf8 17. h4 f6 18. gxf6 Rxf6 19. Bc7 Ra7 20. Be5 Rf7 21. h5 Bg5 22. Kb1 Bb7 23. Bd6 Bc6 24. Ne2 Nxe2 25. Bxe2 Bf4 26. Rhg1 Bxd6 27. Rxd6 Rf4 28. c4 h6 29. Rh1 Ra8 30. Rh3 Raf8 31. Kc2 Kf7 32. c5 Ke7 33. Kd2 R8f6 34. Ke3 e5 35. Rd1 Kf8 36. b4 Rf7 37. a4 Re7 38. axb5 axb5 39. Ra1 Re8 40. Rhh1 Kg8 41. Ra6 Rff8 42. Rha1 Rb8 43. Bd1 Rfc8 44. Bb3+ Kf8 45. Bd5 Rc7 46. Rb6 Rcb7 47. Rxb7 Bxb7 48. Ra7 Bc6 49. f4 Re8 50. Rc7 Bxd5 51. exd5 exf4+ 52. Kxf4 d6 53. cxd6 Re1 54. Rc8+ Re8 55. d7 1-0

[Event "Guelph Fall ProAm"]
[Site "Guelph CAN"]
[Date "2014.11.01"]
[Round "1"]
[White "Preotu, Razvan"]
[Black "Chen, Richard"]
[Result "1-0"]
[WhiteElo "2531"]
[BlackElo "2168"]
[WhiteFideId "-1"]
[WhiteFideId "-1"]
[PlyCount "89"]
[GameId "2160767909018614"]
[EventDate "2014.11.01"]
[EventType "swiss"]
[EventRounds "5"]
[EventCountry "CAN"]

1. e4 e6 2. d4 d5 3. Nd2 c5 4. Ngf3 cxd4 5. exd5 Qxd5 6. Bc4 Qd6 7. O-O a6 8. Ne4 Qc7 9. Qxd4 Nc6 10. Qc3 b5 11. Bf4 Qb6 12. Bb3 a5 13. Ne5 Bb7 14. Nxf7 Nd4 15. Qe3 Nf6 16. Be5 Nxe4 17. Bxd4 Qc6 18. Nxh8 a4 19. Bxe6 Qxe6 20. f3 Qg8 21. fxe4 Qxh8 22. Qg5 Bc6 23. Qe5+ Be7 24. Bc5 O-O-O 25. Qxe7 Qe8 26. Qxe8 Rxe8 27. Rf8 Rxf8 28. Bxf8 g6 29. e5 Kd7 30. Rd1+ Ke8 31. Rd6 Bd7 32. e6 Bxe6 33. Rxe6+ Kxf8 34. Rb6 a3 35. bxa3 Kg7 36. Rxb5 h5 37. a4 Kh6 38. a5 h4 39. a6 h3 40. a7 hxg2 41. a8=Q Kg7 42. Qe8 Kh7 43. Qf8 g5 44. Rb6 g4 45. Rh6# 1-0

[Event "Guelph Fall ProAm"]
[Site "Guelph CAN"]
[Date "2014.11.01"]
[Round "2"]
[White "Yu, Jonathan"]
[Black "Preotu, Razvan"]
[Result "0-1"]
[WhiteElo "2198"]
[BlackElo "2531"]
[WhiteFideId "-1"]
[WhiteFideId "-1"]
[PlyCount "100"]
[GameId "2160767909018616"]
[EventDate "2014.11.01"]
[EventType "swiss"]
[EventRounds "5"]
[EventCountry "CAN"]

1. e4 c5 2. Nf3 d6 3. Bb5+ Nd7 4. d4 cxd4 5. Qxd4 a6 6. Bxd7+ Bxd7 7. O-O e5 8. Qd3 h6 9. Be3 Nf6 10. Nc3 Rc8 11. a4 Be7 12. Rfd1 O-O 13. a5 Qc7 14. Nd2 Be6 15. Bb6 Qc6 16. Nf1 Nd7 17. Ne3 Nxb6 18. axb6 Qxb6 19. Ned5 Qd8 20. Nxe7+ Qxe7 21. Qxd6 Qg5 22. Qd2 Rc4 23. Qxg5 hxg5 24. f3 Rfc8 25. Rd2 g4 26. Ra4 R4c6 27. Ra5 b5 28. fxg4 Bxg4 29. Rd3 Be6 30. h3 f6 31. Rd2 Kf7 32. Kf1 b4 33. Nd5 Bxd5 34. Raxd5 Rxc2 35. Ke2 R8c4 36. Ke3 Rxd2 37. Rxd2 a5 38. Rd7+ Kg6 39. Ra7 Rc2 40. g3 Rxb2 41. Rxa5 Rb3+ 42. Kf2 Rb1 43. Rb5 b3 44. Rb7 b2 45. Kg2 f5 46. Rb6+ Kg5 47. h4+ Kh5 48. exf5 e4 49. Rb8 e3 50. Kf3 Rf1+ 0-1